export_success — 

Poverty, Income Growth and Inequality in Paraguay During The 1990s : Spatial Aspects, Growth Determinants and Inequality Decomposition.

Bibliographic Details
Main Author: Otter, Thomas.
Format: eBook
Language:English
Published: Frankfurt a.M. : Peter Lang GmbH, Internationaler Verlag der Wissenschaften, 2008.
Edition:1st ed.
Series:Goettinger Studien Zur Entwicklungsoekonomik / Goettingen Studies in Development Economics Series
Subjects:
Online Access:Click to View
LEADER 03104nam a22003973i 4500
001 EBC30686069
003 MiAaPQ
005 20231204023231.0
006 m o d |
007 cr cnu||||||||
008 231204s2008 xx o ||||0 eng d
020 |a 9783631753675  |q (electronic bk.) 
020 |z 9783631572016 
035 |a (MiAaPQ)EBC30686069 
035 |a (Au-PeEL)EBL30686069 
035 |a (OCoLC)1229676441 
040 |a MiAaPQ  |b eng  |e rda  |e pn  |c MiAaPQ  |d MiAaPQ 
082 0 |a 339.20989209049 
100 1 |a Otter, Thomas. 
245 1 0 |a Poverty, Income Growth and Inequality in Paraguay During The 1990s :  |b Spatial Aspects, Growth Determinants and Inequality Decomposition. 
250 |a 1st ed. 
264 1 |a Frankfurt a.M. :  |b Peter Lang GmbH, Internationaler Verlag der Wissenschaften,  |c 2008. 
264 4 |c Ã2008. 
300 |a 1 online resource (142 pages) 
336 |a text  |b txt  |2 rdacontent 
337 |a computer  |b c  |2 rdamedia 
338 |a online resource  |b cr  |2 rdacarrier 
490 1 |a Goettinger Studien Zur Entwicklungsoekonomik / Goettingen Studies in Development Economics Series ;  |v v.23 
505 0 |a Cover -- Acronyms -- Preface -- 1. Micro level estimation of income -- 1.1 Introduction -- 1.2 Methodology and Data -- 1.2.1 The Basic Methodology -- 1.2.2 The Income Model -- 1.2.3 The Implementation Procedure -- 1.2.4 Data Sources -- 1.3 Results -- 1.3.1 Regression Results -- 1.3.2 Poverty Estimates -- 1.3.3 Poverty and Inequality Maps -- 1.3.4 Pro-poor Growth Evidence -- 1.4 Discussion -- 1.5 Conclusions -- 2. Does Inequality Harm Income Mobility and Growth? -- 2.1 Introduction -- 2.2 Data: macro, micro and small area welfare estimates -- 2.3 Small area welfare estimation -- 2.4 The model -- 2.5 Estimation -- 2.6 Results -- 2.7 Discussion -- 2.8 Conclusions -- 3. Characterization of inequality changes through microeconometric decomposition -- 3.1 Introduction -- 3.2 Methodology -- 3.3 Income inequality in Paraguay: basic facts and sources of changes -- 3.3.1 Returns to education -- 3.3.2 Gender wage gap -- 3.3.3 Returns to experience -- 3.3.4 Unobservable Factors -- 3.3.5 Hours of work -- 3.3.6 Labour market participation -- 3.3.7 Education -- 3.4 Estimation strategy -- 3.5 Results -- 3.6 Discussion -- 3.7 Conclusions -- A: Annex to Chapter 1 -- B: Annex to Chapter 2 -- Bibliography. 
588 |a Description based on publisher supplied metadata and other sources. 
590 |a Electronic reproduction. Ann Arbor, Michigan : ProQuest Ebook Central, 2023. Available via World Wide Web. Access may be limited to ProQuest Ebook Central affiliated libraries.  
655 4 |a Electronic books. 
776 0 8 |i Print version:  |a Otter, Thomas  |t Poverty, Income Growth and Inequality in Paraguay During The 1990s  |d Frankfurt a.M. : Peter Lang GmbH, Internationaler Verlag der Wissenschaften,c2008  |z 9783631572016 
797 2 |a ProQuest (Firm) 
830 0 |a Goettinger Studien Zur Entwicklungsoekonomik / Goettingen Studies in Development Economics Series 
856 4 0 |u https://ebookcentral.proquest.com/lib/matrademy/detail.action?docID=30686069  |z Click to View